MARC

LEADER 00000nam0a2200000 4500
001 286389
005 20231101235904.0
020 |a RU  |b 85-30620 
035 |a (RuTPU)RU\TPU\book\310698 
090 |a 286389 
100 |a 20150304d1985 k y0rusy5003 ca 
101 0 |a rus 
102 |a RU 
105 |a y z 001zy 
200 1 |a Социальная психология и общественная практика  |e сборник статей  |f Академия наук СССР (АН СССР), Институт психологии (ИП) ; под ред. Е. В. Шороховой 
210 |a Москва  |c Наука  |d 1985 
215 |a 233 с. 
320 |a Библиография в конце статей 
606 1 |a Социальная психология  |2 stltpush  |3 (RuTPU)RU\TPU\subj\55669  |9 73677 
610 1 |a общественная практика 
610 1 |a трудовая деятельность 
610 1 |a учебная деятельность 
610 1 |a социально-психологические основы 
610 1 |a эмпирические методы 
610 1 |a математические методы 
610 1 |a психологические исследования 
702 1 |a Шорохова  |b Е. В.  |4 340 
712 0 2 |a Академия наук СССР (АН СССР)  |b Институт психологии (ИП)  |c (Москва)  |2 stltpush  |3 (RuTPU)RU\TPU\col\11340 
801 0 |a RU  |b RuMRKP  |c 19950704  |g psbo 
801 1 |a RU  |b 63413507  |c 20150304 
801 2 |a RU  |b 63413507  |c 20170221  |g RCR 
942 |c BK